000 00492nam a22001937a 4500
005 20260211165550.0
008 260211b |||||||| |||| 00| 0 eng d
020 _a9788198096067
_c1695.00
040 _aMAIN
041 _aEnglish
082 _a591.1
_bSAN
100 _aSanjay, Kumar
_926287
245 _aComparative Physiology
260 _aNew Delhi
_bBlackwell Press
_c2025
300 _a322
650 _aBiological Science
_914046
700 _aSuresh, Kumar
_91658
942 _cBK
999 _c60333
_d60333